The 48 Laws of Power / (Record no. 587935)
[ view plain ]
| 000 -LEADER | |
|---|---|
| fixed length control field | 00365nam a22001337a 4500 |
| 020 ## - INTERNATIONAL STANDARD BOOK NUMBER | |
| International Standard Book Number | 9780140280197 |
| 082 ## - DEWEY DECIMAL CLASSIFICATION NUMBER | |
| Classification number | 303.3 |
| Author Mark | GRE |
| 100 ## - MAIN ENTRY--PERSONAL NAME | |
| Personal name | Greene, Robert |
| 245 ## - TITLE STATEMENT | |
| Title | The 48 Laws of Power / |
| Statement of responsibility, etc. | Robert Greene |
| 260 ## - PUBLICATION, DISTRIBUTION, ETC. | |
| Place of publication, distribution, etc. | New York : |
| Name of publisher, distributor, etc. | Penguin Books, |
| Date of publication, distribution, etc. | 2000. |
| 300 ## - PHYSICAL DESCRIPTION | |
| Extent | 452p. ; |
| Dimensions | 23 cm. |
| 942 ## - ADDED ENTRY ELEMENTS (KOHA) | |
| Source of classification or shelving scheme | |
| Koha item type | Book |
| Withdrawn status | Lost status | Source of classification or shelving scheme | Damaged status | Not for loan | Permanent Location | Current Location | Date acquired | Source of acquisition | Total Checkouts | Total Renewals | Full call number | Barcode | Checked out | Date last seen | Date last checked out | Price effective from | Koha item type |
|---|---|---|---|---|---|---|---|---|---|---|---|---|---|---|---|---|---|
| Central Library (CL) | Central Library (CL) | 02/17/2022 | Allied Books | 3 | 10 | 303.3 GRE | CL-948 | 12/28/2023 | 11/28/2023 | 11/28/2023 | 02/17/2022 | Book | |||||
| NUST Law School (NLS) | NUST Law School (NLS) | 07/03/2025 | 1 | 303.3 GRE | NLS-3097 | 08/02/2025 | 07/03/2025 | 07/03/2025 | 07/03/2025 | Book |
